=LDR 00000nam 2200000 4500 =001 NUTBA000000000005685 =005 20141105141428.0 =006 =007 =008 =020 ##$$a 978-602-8871-36-5 =035 ##$$a 0010-111400000000164 =040 ##$$a NBPDMAT =082 ##$$a 959.8 =090 ##$$a 959.8 $b Wil s =100 ##$$a Wildan Herdiansyah =245 ##$$a Setapak peninggalan sejarah di Nusantara/ $c Wildan Herdiansyah =250 ##$$a Cet2 =260 ##$$a Jakarta : $b Rama Eduksaitama, $c 2011 =300 ##$$a vi, 65 hlm. : $b ilus. ; $c 25 cm. =500 ##$$a Bibliografi : hlm. 64-65 =650 ##$$a Indonesia - Peninggalan Sejarah =850 ##$$a NBPDMAT